Principes d'Economie politique avec quelques-unes de Leurs applications a l'economie sociale / (Record no. 165823)
[ view plain ]
| 000 -LEADER | |
|---|---|
| campo de control de longitud fija | 00849nam a2200205 i 4500 |
| 001 - NÚMERO DE CONTROL | |
| campo de control | 165823 |
| 003 - IDENTIFICADOR DE NÚMERO DE CONTROL | |
| campo de control | ES-MaACL |
| 005 - FECHA Y HORA DE LA ÚLTIMA TRANSACCIÓN | |
| campo de control | 20250920063109.0 |
| 008 - DATOS DE LONGITUD FIJA--INFORMACIÓN GENERAL | |
| campo de control de longitud fija | 931025s1861 fr |||| | fre d |
| 100 1# - ENTRADA PRINCIPAL--NOMBRE DE PERSONA | |
| Nombre de persona | Mill, John Stuart, |
| Fechas asociadas al nombre | 1806-1873 |
| 9 (RLIN) | 81119 |
| 245 10 - MENCIÓN DEL TÍTULO | |
| Título | Principes d'Economie politique avec quelques-unes de Leurs applications a l'economie sociale / |
| Mención de responsabilidad, etc. | par John Stuart Mill ; traduits par... M. Dusard et Courcelle seneuil... et precedés d'une introduction par Courcelle Seneuil. |
| 250 ## - MENCION DE EDICION | |
| Mención de edición | 2em ed. |
| 260 ## - PUBLICACIÓN, DISTRIBUCIÓN, ETC. | |
| Lugar de publicación, distribución, etc. | Paris : |
| Nombre del editor, distribuidor, etc. | Guillaumin et C\pie\s, librairies, |
| Fecha de publicación, distribución, etc. | 1861 ( |
| Lugar de fabricación/manufactura | Corbeil : |
| Fabricante | Typ. et ster. de Crété) |
| 300 ## - DESCRIPCIÓN FÍSICA | |
| Extensión | 2 v.(XXI, 563 ; 532 p.) ; |
| Dimensiones | 24 cm. |
| 650 07 - PUNTO DE ACCESO ADICIONAL DE MATERIA--TÉRMINO DE MATERIA | |
| Término de materia o nombre geográfico como elemento de entrada | Economía |
| Fuente del encabezamiento o término | embne |
| 9 (RLIN) | 12006 |
| 700 1# - ENTRADA AGREGADA--NOMBRE PERSONAL | |
| Nombre de persona | Dussard, H. |
| 9 (RLIN) | 126889 |
| 852 ## - LOCALIZACIÓN | |
| Ubicación | ES-MaACL |
| Número de control de estantería | G-3598-99 |
| Nota libre | -- Enc. hol. |
| Estatus retirado | Estado de pérdida | Estado de daño | No para préstamo | Colección | Biblioteca de origen | Biblioteca actual | Ubicación en estantería | Fecha de adquisición | Total de préstamos | Signatura topográfica completa | Código de barras | Visto por última vez | Precio de reemplazo | Tipo de ítem Koha |
|---|---|---|---|---|---|---|---|---|---|---|---|---|---|---|
| Libros del s. XIX | Biblioteca del Ateneo de Madrid | Biblioteca del Ateneo de Madrid | Depósito 2 | 17/01/2008 | G-3598-99 | 1173901 | 23/02/2023 | 23/02/2023 | Libro impreso antiguo |
